Bí quyết thi trắc nghiệm tiếng Anh : Phương pháp hiệu quả nhất để vượt qua các kỳ thi trắc nghiệm tiếng Anh

Nội dung sách gồm những bài tập và các phương pháp thi trắc nghiệm môn tiếng Anh.

Guardat en:
Dades bibliogràfiques
Autor principal: Lê, Đình Bì
Format: Llibre
Idioma:Undetermined
Publicat: Thành phố Hồ Chí Minh Trẻ 2006
Matèries:
Etiquetes: Afegir etiqueta
Sense etiquetes, Sigues el primer a etiquetar aquest registre!
Thư viện lưu trữ: Trung tâm Học liệu Trường Đại học Cần Thơ
LEADER 00857nam a2200229Ia 4500
001 CTU_120468
008 210402s9999 xx 000 0 und d
020 |c 40000 
082 |a 428.0076 
082 |b B300 
100 |a Lê, Đình Bì 
245 0 |a Bí quyết thi trắc nghiệm tiếng Anh : 
245 0 |b Phương pháp hiệu quả nhất để vượt qua các kỳ thi trắc nghiệm tiếng Anh 
245 0 |c Lê Đình Bì 
260 |a Thành phố Hồ Chí Minh 
260 |b Trẻ 
260 |c 2006 
520 |a Nội dung sách gồm những bài tập và các phương pháp thi trắc nghiệm môn tiếng Anh. 
650 |a English language 
650 |x Problems, exercises, etc 
904 |i Hiếu 
980 |a Trung tâm Học liệu Trường Đại học Cần Thơ